Sanctification / (Record no. 10263)
[ view plain ]
| 000 -LEADER | |
|---|---|
| fixed length control field | 02961cam a22004697i 4500 |
| 001 - CONTROL NUMBER | |
| control field | 20503678 |
| 003 - CONTROL NUMBER IDENTIFIER | |
| control field | GBCCL |
| 005 - DATE AND TIME OF LATEST TRANSACTION | |
| control field | 20241126110728.0 |
| 008 - FIXED-LENGTH DATA ELEMENTS--GENERAL INFORMATION | |
| fixed length control field | 180519t20172017miu b 001 0 eng d |
| 010 ## - | |
| -- | 2017276938 |
| 020 ## - INTERNATIONAL STANDARD BOOK NUMBER | |
| International Standard Book Number | 9780310491460 |
| 020 ## - INTERNATIONAL STANDARD BOOK NUMBER | |
| International Standard Book Number | 0310491460 |
| 020 ## - INTERNATIONAL STANDARD BOOK NUMBER | |
| Canceled/invalid ISBN | 9780310491477 (ebook) |
| 020 ## - INTERNATIONAL STANDARD BOOK NUMBER | |
| International Standard Book Number | 97800310491460 |
| 035 ## - SYSTEM CONTROL NUMBER | |
| System control number | (OCoLC)ocn975364697 |
| 040 ## - CATALOGING SOURCE | |
| Original cataloging agency | BTCTA |
| Language of cataloging | eng |
| Transcribing agency | BTCTA |
| Description conventions | rda |
| Modifying agency | YDX |
| -- | INA |
| -- | OCLCF |
| -- | ISB |
| -- | BHA |
| -- | DTM |
| -- | OCL |
| -- | DLC |
| 042 ## - | |
| -- | lccopycat |
| 050 00 - | |
| -- | BT765 |
| -- | .S25 2017 |
| 082 04 - DEWEY DECIMAL CLASSIFICATION NUMBER | |
| Classification number | 234.8 |
| Edition information | 23 |
| Item number | ALL |
| 245 00 - TITLE STATEMENT | |
| Title | Sanctification / |
| Statement of responsibility, etc. | Michael Allen and Scott R. Swain, general editors. |
| 264 #1 - PRODUCTION, PUBLICATION, DISTRIBUTION, MANUFACTURE, AND COPYRIGHT NOTICE | |
| Place of production, publication, distribution, manufacture | Grand Rapids, Michigan : |
| Name of producer, publisher, distributor, manufacturer | Zondervan, |
| Date of production, publication, distribution, manufacture, or copyright notice | [2017] |
| 264 #4 - PRODUCTION, PUBLICATION, DISTRIBUTION, MANUFACTURE, AND COPYRIGHT NOTICE | |
| Date of production, publication, distribution, manufacture, or copyright notice | ©2017 |
| 300 ## - PHYSICAL DESCRIPTION | |
| Extent | 302 pages ; |
| Dimensions | 23 cm |
| 336 ## - CONTENT TYPE | |
| Content type term | text |
| Content type code | txt |
| Source | rdacontent |
| 337 ## - MEDIA TYPE | |
| Media type term | unmediated |
| Media type code | n |
| Source | rdamedia |
| 338 ## - CARRIER TYPE | |
| Carrier type term | volume |
| Carrier type code | nc |
| Source | rdacarrier |
| 490 1# - SERIES STATEMENT | |
| Series statement | New studies in dogmatics |
| 504 ## - BIBLIOGRAPHY, ETC. NOTE | |
| Bibliography, etc. note | Includes bibliographical references and indexes. |
| 505 0# - FORMATTED CONTENTS NOTE | |
| Formatted contents note | Sanctification and the Gospel -- God -- Creation -- Covenant -- Incarnation -- In Christ -- Justification and sanctification -- Grace and nature -- Grace and responsibility -- Grace and discipline. |
| 520 ## - SUMMARY, ETC. | |
| Summary, etc. | Publisher's description: The holy has been defined existentially and sociologically, and churches too often allow their expectations regarding holiness to be prompted by existential aspirations or the social mores of the Christian community. Perhaps it is not surprising that many view holiness as accidental or expendable, even as a legalistic and conformist posture opposed to the freedom of the gospel. But sanctification is one of the gifts of the gospel of Jesus Christ, so we must think about the way in which he makes his redeemed holy as a grace. [This book] patiently defines holiness in theological terms by tending to its connections with core Christian doctrines such as the character of God, the nature of creation, and the covenantal shape of life with God. It then considers the ways in which the gospel of Jesus not only prompt us to holy action but provides holiness as one of its blessings. Finally, it attends to the ways in which the gift of sanctification relates to various human instruments and means, so that we can appreciate its connection to human nature, creaturely responsibility, and the pedagogy of exemplars and of law. |
| 650 #0 - SUBJECT ADDED ENTRY--TOPICAL TERM | |
| Topical term or geographic name entry element | Sanctification |
| General subdivision | Christianity. |
| 9 (RLIN) | 2243 |
| 650 #0 - SUBJECT ADDED ENTRY--TOPICAL TERM | |
| Topical term or geographic name entry element | Holiness |
| General subdivision | Christianity. |
| 9 (RLIN) | 2242 |
| 650 #0 - SUBJECT ADDED ENTRY--TOPICAL TERM | |
| Topical term or geographic name entry element | Holy, The |
| General subdivision | Christianity. |
| 9 (RLIN) | 17841 |
| 650 #7 - SUBJECT ADDED ENTRY--TOPICAL TERM | |
| Topical term or geographic name entry element | Holiness |
| General subdivision | Christianity. |
| Source of heading or term | fast |
| Authority record control number or standard number | (OCoLC)fst01751334 |
| 9 (RLIN) | 2242 |
| 650 #7 - SUBJECT ADDED ENTRY--TOPICAL TERM | |
| Topical term or geographic name entry element | Sanctification |
| General subdivision | Christianity. |
| Source of heading or term | fast |
| Authority record control number or standard number | (OCoLC)fst01752235 |
| 9 (RLIN) | 2243 |
| 700 1# - ADDED ENTRY--PERSONAL NAME | |
| Personal name | Allen, Michael, |
| Dates associated with a name | 1981- |
| Relator term | editor. |
| 9 (RLIN) | 17842 |
| 700 1# - ADDED ENTRY--PERSONAL NAME | |
| Personal name | Swain, Scott R., |
| Relator term | editor. |
| 9 (RLIN) | 17843 |
| 830 #0 - | |
| -- | New studies in dogmatics |
| -- | 16298 |
| 906 ## - LOCAL DATA ELEMENT F, LDF (RLIN) | |
| a | 7 |
| b | cbc |
| c | copycat |
| d | 2 |
| e | ncip |
| f | 20 |
| g | y-gencatlg |
| 942 ## - ADDED ENTRY ELEMENTS (KOHA) | |
| Source of classification or shelving scheme | Dewey Decimal Classification |
| Koha item type | Books |
| Withdrawn status | Lost status | Source of classification or shelving scheme | Damaged status | Not for loan | Home library | Current Library | Shelving location | Date acquired | Total checkouts | Full call number | Barcode | Date last seen | Copy number | Price effective from | Koha item type |
|---|---|---|---|---|---|---|---|---|---|---|---|---|---|---|---|
| Dewey Decimal Classification | GRACE BIBLE COLLEGE | GRACE BIBLE COLLEGE | Theology | 2024-05-09 | 234.8 ALL | 016808 | 2025-05-01 | c.1 | 2024-05-09 | Books |